A plague on both houses (Record no. 71546)

MARC details
000 -LEADER
fixed length control field 01054cam a2200229 4500
001 - CONTROL NUMBER
control field WB3842-15
008 - FIXED-LENGTH DATA ELEMENTS--GENERAL INFORMATION
fixed length control field 021111n2002 000 0 eng u
035 ## - SYSTEM CONTROL NUMBER
System control number (Sirsi) u120413
245 #2 - TITLE STATEMENT
Title A plague on both houses
260 ## - PUBLICATION, DISTRIBUTION, ETC.
Date of publication, distribution, etc. 2002
490 ## - SERIES STATEMENT
Series statement Estates Gazette
Volume/sequential designation (0245) 9 November 2002, 152(1)
520 ## - SUMMARY, ETC.
Summary, etc. Discusses the case "Clements v Simmonds" (2002) whereby the claimant (C), a statutory tenant was seeking compensation from her former landlord (S), alleging that S had regained possession under Case 9 of the Rent Act 1977, by misrepresenting to the court that she had intended to return to live in the property. The High Court ordered S to pay compensation, while also condemning both sides for lying in order to achieve their own purposes.
590 ## - LOCAL NOTE (RLIN)
Local note WB
650 ## - SUBJECT ADDED ENTRY--TOPICAL TERM
Topical term or geographic name entry element CLEMENTS V SIMMONDS
650 ## - SUBJECT ADDED ENTRY--TOPICAL TERM
Topical term or geographic name entry element RENT ACT 1977 S102
650 ## - SUBJECT ADDED ENTRY--TOPICAL TERM
Topical term or geographic name entry element COMPENSATION
650 ## - SUBJECT ADDED ENTRY--TOPICAL TERM
Topical term or geographic name entry element MEASURE OF DAMAGES
650 ## - SUBJECT ADDED ENTRY--TOPICAL TERM
Topical term or geographic name entry element CLAIM FOR DAMAGES
650 ## - SUBJECT ADDED ENTRY--TOPICAL TERM
Topical term or geographic name entry element ORDER FOR POSSESSION
690 ## - LOCAL SUBJECT ADDED ENTRY--TOPICAL TERM (OCLC, RLIN)
Topical term or geographic name as entry element LANDLORD AND TENANT-RESIDENTIAL TENANCIES-CASE LAW
942 ## - ADDED ENTRY ELEMENTS (KOHA)
Suppress in OPAC 0
Holdings
Withdrawn status Lost status Source of classification or shelving scheme Damaged status Not for loan Home library Current library Shelving location Date acquired Total Checkouts Full call number Barcode Date last seen Copy number Price effective from Koha item type
    Dewey Decimal Classification     London London News article 11/11/2002   WB3842-15 120413-1001 06/08/2019 1 06/08/2019 News article